Catálogo
 En Linea
Vista normal Vista MARC

Entrada Nombre de reunión

Número de registros utilizados en: 1

001 - NÚMERO DE CONTROL

  • campo de control: 74467

003 - IDENTIFICADOR DEL NÚMERO DE CONTROL

  • campo de control: OSt

005 - FECHA Y HORA DE LA ÚLTIMA TRANSACCIÓN

  • campo de control: 20200615040255.0

008 - DATOS DE LONGITUD FIJA

  • campo de control de longitud fija: 200615|| aca||aabn | a|a d

040 ## - FUENTE DE LA CATALOGACIÓN

  • Centro catalogador/agencia de origen: OSt
  • Centro/agencia transcriptor: OSt

111 ## - ENCABEZAMIENTO--NOMBRE DE CONGRESO/REUNIÓN

  • Nombre de congreso/reunión o jurisdicción como elemento de entrada: FERIA INTERNACIONAL DEL LIBRO
  • Subdivisión general: (18ª :
  • Sede del congreso/Lugar de la reunión: SANTO DOMINGO, REPÚBLICA DOMINICANA)
  • Subdivisión general: PROGRAMAS

670 ## - FUENTE DE DATOS ENCONTRADOS

  • Cita de la fuente: Work cat.: (OSt)45954: Feria Internacional del Libro (18ª : 2015 : 23 abril al 4 mayo Santo Domingo, República Dominicana) 74466, XVIII Feria Internacional del Libro Santo Domingo 2015 :, 2015.

Con tecnología Koha